Biblical exegesis in the apostolic period
Uloženo v:
| Hlavní autor: | |
|---|---|
| Médium: | Kniha |
| Jazyk: | angličtina |
| Vydáno: |
Grand Rapids
Eerdmans.
1975.
|
| Témata: | |
| Tagy: |
Přidat tag
Žádné tagy, Buďte první, kdo vytvoří štítek k tomuto záznamu!
|
MARC
| LEADER | 00000nam a22000005a 4500 | ||
|---|---|---|---|
| 001 | 8590 | ||
| 003 | CL-ChBUA | ||
| 005 | 20170830124726.0 | ||
| 007 | ta | ||
| 008 | 070301s1975 xxu 000 0 eng | ||
| 040 | |a CL-ChBUA |c CL-ChBUA |e rda | ||
| 082 | 0 | 0 | |a 220.66 |
| 100 | 1 | |a Longenecker, Richard N. | |
| 245 | 1 | 0 | |a Biblical exegesis in the apostolic period |
| 260 | |b Eerdmans. |a Grand Rapids |c 1975. | ||
| 300 | |a 246 p. |c 21 cm. | ||
| 504 | |a Indice. | ||
| 630 | 4 | |a BIBLIA |x CRITICISMO | |
| 650 | 4 | |a IGLESIA PRIMITIVA |x HISTORIA | |
| 942 | |c LIB |2 ddc | ||
| 945 | |0 nac | ||
| 952 | |0 0 |1 0 |4 0 |7 0 |9 12865 |a UNACH |b UNACH |c 200 |d 2007-03-05 |i 16.701. |l 0 |o 220.66 / L 852. |p 13864 |r 2012-12-27 00:00:00 |u 12865 |w 2012-08-08 |y LIB |k 220.66 / L 852. | ||
| 999 | |c 8590 |d 8590 | ||